| 000 | 00859cam a22002174a 4500 | ||
|---|---|---|---|
| 005 | 20250605164157.0 | ||
| 008 | 250528s ||||||||||||||||||||||||d | ||
| 035 | _a19641 | ||
| 020 | _a9603433225 | ||
| 040 |
_aGR-AtMCL _bgre _dGR-AtMCL _eAACR2 |
||
| 245 | 1 | _aΠΑΙΔΑΓΩΓΙΚΗ ΨΥΧΟΛΟΓΙΑ | |
| 250 | _a3 | ||
| 260 |
_bΑδελφοι Κυριακιδη, _c1996 |
||
| 300 | _a625 | ||
| 505 | 0 | _aΚΑΤΑΝΟΜΕΣ ΚΑΙ ΣΥΝΑΦΕΙΕΣ ΚΛΗΡΟΝΟΜΙΚΟΤΗΤΑ ΚΑΙ ΠΕΡΙΒΑΛΛΟΝ ΩΡΙΜΑΝΣΗ ΚΑΙ ΜΑΘΗΣΗ ΝΟΗΜΟΣΥΝΗ | |
| 520 | _aΚΑΤΑΝΟΜΕΣ ΚΑΙ ΣΥΝΑΦΕΙΕΣ ΚΛΗΡΟΝΟΜΙΚΟΤΗΤΑ ΚΑΙ ΠΕΡΙΒΑΛΛΟΝ ΩΡΙΜΑΝΣΗ ΚΑΙ ΜΑΘΗΣΗ ΝΟΗΜΟΣΥΝΗ | ||
| 700 | 1 |
_aΚαψαλης Αχιλλεας _95846 |
|
| 942 | _cBK | ||
| 999 |
_c4897 _d4897 |
||